LEADER 00865nam0-22003011i-450- 001 990002024130403321 005 20090402155547.0 035 $a000202413 035 $aFED01000202413 035 $a(Aleph)000202413FED01 035 $a000202413 100 $a20030910d1955----km-y0itay50------ba 101 0 $apol 200 1 $aOmarlicowate, Silphidae$fMaciej Mroczkowski 210 $aVarsavia$cPantswowe Wydawnictwo Naukowe$d1955 215 $a29 p.$d25 cm 225 1 $aKlucze do oznaczania owadow Polski$h19.25$iChrzaszcze$v4 610 0 $aSilphidae 610 0 $aColeotteri 676 $a595.76 700 1$aMroczkowski,$bMaciej$085880 801 0$aIT$bUNINA$gRICA$2UNIMARC 901 $aBK 912 $a990002024130403321 952 $a61 V A.6/105.25$b2878 (5/7/91)$fDAGEN 959 $aDAGEN 996 $aOmarlicowate, Silphidae$9405458 997 $aUNINA LEADER 01239nam--2200361---450- 001 990001909150203316 005 20051128104536.0 035 $a000190915 035 $aUSA01000190915 035 $a(ALEPH)000190915USA01 035 $a000190915 100 $a20040805d1967----km-y0itay0103----ba 101 0 $aita 102 $aIT 105 $a||||||||001yy 200 1 $aRicerche sulla struttura del linguaggio dello pseudo-Dionigi Areopagita$eintroduzione alla lettura delle opere pseudo-dionisiane$fPiero Scazzoso 210 $aMilano$cVita e pensiero$d1967 215 $a200 p.$d24 cm 225 2 $aPubblicazioni dell'Università cattolica del Sacro Cuore$v14 410 0$12001$aPubblicazioni dell'Università cattolica del Sacro Cuore$v14 454 1$12001 461 1$1001-------$12001 676 $a888.2 700 1$aSCAZZOSO,$bPiero$0169036 801 0$aIT$bsalbc$gISBD 912 $a990001909150203316 951 $aV.1.D. 154(VIII A Coll. 63/14)$b60699 L.M.$cVIII A Coll. 959 $aBK 969 $aUMA 979 $aSIAV4$b10$c20040805$lUSA01$h1148 979 $aCOPAT3$b90$c20051128$lUSA01$h1045 996 $aRicerche sulla struttura del linguaggio dello pseudo-Dionigi Areopagita$9304977 997 $aUNISA